Logo BPK

Biblioteka

Politechniki Koszalińskiej

Prawo rodzinne i opiekuńcze / (Rekord nr 33703)

Szczegóły MARC
000 -ETYKIETA REKORDU
podpole kontrolne o stałej długości 00801nam a2200265 i 4500
001 - NUMER KONTROLNY REKORDU
pole kontrolne bg
020 ## - MIĘDZYNARODOWY ZNORMALIZOWANY NUMER KSIĄŻKI - ISBN
ISBN 8371100701
020 ## - MIĘDZYNARODOWY ZNORMALIZOWANY NUMER KSIĄŻKI - ISBN
ISBN 3406423426 (Niemcy)
040 ## - ŹRÓDŁO KATALOGOWANIA
Instytucja, która utworzyła rekord BPK
041 0# - KOD JĘZYKA
Kod języka tekstu pol
080 ## - UNIWERSALNA KLASYFIKACJA DZIESIĘTNA - UKD
UKD 347.61/.64(438)(075.8)
920 ## - Międzynarodowy znormalizowany numer książki – ISBN
ISBN 83-7110-070-1
920 ## - Międzynarodowy znormalizowany numer książki – ISBN
ISBN 3-406-42342-6 (Niemcy)
008 - POLE O STAŁEJ DŁUGOŚCI - DANE KONTROLNE
podpole kontrolne o stałej długości s pl f |000 0 pol
100 1# - NAZWA OSOBOWA
Nazwa osobowa Smyczyński, Tadeusz
Daty związane z nazwą (1938- ).
245 10 - TYTUŁ/ODPOWIEDZIALNOŚĆ
Tytuł Prawo rodzinne i opiekuńcze /
Pozostałe elementy strefy tytułu i oznaczenia odpowiedzialności Tadeusz Smyczyński.
260 ## - STREFA ADRESU WYDAWNICZEGO
Miejsce wydania Warszawa :
Nazwa wydawcy/dystrybutora C. H. Beck,
Data publikacji, dystrybucji/powstania dokumentu 1997.
300 ## - STREFA OPISU FIZYCZNEGO
Objętość XVIII, [2], 242 s. ;
Rozmiary 21 cm.
490 1# - STREFA SERII I DOKUMENTU WIELOCZĘŚCIOWEGO - FORMA NIE DO WYSZUKIWANIA
Tytuł i oznaczenie odpowiedzialności serii Podręczniki Prawnicze
504 ## - UWAGA DOTYCZĄCA BIBLIOGRAFII
Informacje o bibliografii Bibliogr. s. XVII-[XIX] i przy rozdz. - Indeks.
650 #9 - HASŁO PRZEDMIOTOWE W FORMIE NAZWY OGÓLNEJ LUB JEDNOSTKOWEJ
Nazwa ogólna lub geograficzna Prawo rodzinne
Określnik geograficzny Polska
Określnik chronologiczny stan na 1996 r.
655 ## - TERMIN INDEKSOWY - OKREŚLENIE RODZAJU/FORMY DOKUMENTU
Określenie rodzaju/formy dokumentu Podręczniki akademickie
830 ## - HASŁO DODATKOWE SERII LUB DOKUMENTU WIELOCZĘŚCIOWEGO - TYTUŁ UJEDNOLICONY
Tytuł ujednolicony Podręczniki Prawnicze
856 ## - LOKALIZACJA I DOSTĘP DO ELEKTRONICZNYCH DOKUMENTÓW ZDALNYCH
Link (URL) http://koha.tu.koszalin.pl/cgi-bin/koha/opac-detail.pl?biblionumber=33703
Tekst linku Katalog online BPK
942 ## - DODATKOWE ELEMENTY (KOHA)
Typ dokumentu Książka
Egzemplarze
Wycofany Status egzemplarza Uszkodzony Dostępność Lokalizacja stała Lokalizacja bieżąca Miejsce przechowywania Sygnatura Kod kreskowy Typ dokumentu
      Dostępny Biblioteka Politechniki Koszalińskiej Biblioteka Politechniki Koszalińskiej Wypożyczalnia BG 44993 01341003 Książka
© 2023 Biblioteka Politechniki Koszalińskiej :: KOHA